[Event "GER-chT Universities"]
[Site "Augsburg"]
[Date "2010.10.10"]
[Round "6.2"]
[White "Kaczmarek, Piotr"]
[Black "Boehlig, Heinz"]
[Result "0-1"]
[WhiteElo "1842"]
[BlackElo "2174"]
[PlyCount "46"]
[EventDate "2010.10.06"]
[EventType "team-swiss"]
[EventRounds "6"]
[EventCountry "GER"]
[SourceTitle "EXT 2016"]
[Source "ChessBase"]
[SourceDate "2015.10.08"]
[SourceVersion "1"]
[SourceVersionDate "2015.10.08"]
[SourceQuality "1"]
[WhiteTeam "Poznan FH II"]
[BlackTeam "Leipzig Uni"]
[WhiteTeamCountry "POL"]
[BlackTeamCountry "GER"]

1. d4 Nf6 2. c4 e6 3. Nc3 Bb4 4. Qc2 c5 5. e3 Nc6 6. Nf3 0-0 7. a3 Bxc3+ 8. bxc3 d6 9. Bd3 e5 10. 0-0 Re8 11. d5 e4 12. dxc6 exf3 13. gxf3 Bh3 14. cxb7 Rb8 15. Rd1 Rxb7 16. Bf1 Bxf1 17. Rxf1 Qd7 18. Qe2 Qh3 19. f4 Nh5 20. f3 Nxf4 21. Qd2 Re6 22. Kf2 Qxh2+ 23. Ke1 Ng2+ 0-1

[Event "GER-chT Universities"]
[Site "Augsburg"]
[Date "2010.10.08"]
[Round "4.2"]
[White "Zwahr, Paul"]
[Black "Boehlig, Heinz"]
[Result "1-0"]
[WhiteElo "2273"]
[BlackElo "2174"]
[PlyCount "77"]
[EventDate "2010.10.06"]
[EventType "team-swiss"]
[EventRounds "6"]
[EventCountry "GER"]
[SourceTitle "EXT 2016"]
[Source "ChessBase"]
[SourceDate "2015.10.08"]
[SourceVersion "1"]
[SourceVersionDate "2015.10.08"]
[SourceQuality "1"]
[WhiteTeam "Dresden TU"]
[BlackTeam "Leipzig Uni"]
[WhiteTeamCountry "GER"]
[BlackTeamCountry "GER"]

1. e4 c5 2. Nf3 e6 3. d4 cxd4 4. Nxd4 a6 5. Bd3 Qc7 6. 0-0 Nf6 7. Qe2 d6 8. c4 g6 9. Nc3 Bg7 10. Rd1 0-0 11. Nf3 Nbd7 12. Bf4 Ne5 13. Nxe5 dxe5 14. Be3 b6 15. f3 Bb7 16. Qf2 Nd7 17. Na4 Bc6 18. Nxb6 Nxb6 19. Bxb6 Qb7 20. b4 f5 21. b5 Bxe4 22. Bf1 Bc2 23. Rd6 e4 24. Re1 Bd3 25. Bxd3 exd3 26. Rexe6 axb5 27. cxb5 Ra3 28. Bc5 Rc3 29. a4 Rc8 30. Be3 Ra3 31. h3 Rxa4 32. Rxd3 Qxb5 33. Qd2 Ra1+ 34. Kh2 Raa8 35. Rd7 Re8 36. Rb6 Be5+ 37. f4 Bxf4+ 38. Bxf4 Qxb6 39. Qc3 1-0

[Event "GER-chT Universities"]
[Site "Augsburg"]
[Date "2010.10.07"]
[Round "2.2"]
[White "Boehlig, Heinz"]
[Black "Giannino, Domenico"]
[Result "1/2-1/2"]
[WhiteElo "2174"]
[BlackElo "1943"]
[PlyCount "26"]
[EventDate "2010.10.06"]
[EventType "team-swiss"]
[EventRounds "6"]
[EventCountry "GER"]
[SourceTitle "EXT 2016"]
[Source "ChessBase"]
[SourceDate "2015.10.08"]
[SourceVersion "1"]
[SourceVersionDate "2015.10.08"]
[SourceQuality "1"]
[WhiteTeam "Leipzig Uni"]
[BlackTeam "Augsburg Uni II"]
[WhiteTeamCountry "GER"]
[BlackTeamCountry "GER"]

1. Nf3 d5 2. c4 c6 3. b3 Nf6 4. Bb2 Bf5 5. e3 e6 6. Be2 Be7 7. 0-0 0-0 8. Nh4 Bxb1 9. Rxb1 Ne4 10. Nf3 Bf6 11. Qc2 Bxb2 12. Qxb2 Nd7 13. d3 Nef6 1/2-1/2

[Event "GER-chT Universities"]
[Site "Augsburg"]
[Date "2010.10.07"]
[Round "3.2"]
[White "Lubczynski, Rafal"]
[Black "Boehlig, Heinz"]
[Result "1-0"]
[WhiteElo "2419"]
[BlackElo "2174"]
[PlyCount "69"]
[EventDate "2010.10.06"]
[EventType "team-swiss"]
[EventRounds "6"]
[EventCountry "GER"]
[SourceTitle "EXT 2016"]
[Source "ChessBase"]
[SourceDate "2015.10.08"]
[SourceVersion "1"]
[SourceVersionDate "2015.10.08"]
[SourceQuality "1"]
[WhiteTeam "Poznan FH"]
[BlackTeam "Leipzig Uni"]
[WhiteTeamCountry "POL"]
[BlackTeamCountry "GER"]

1. Nf3 Nf6 2. c4 e6 3. g3 b6 4. Bg2 Bb7 5. 0-0 Be7 6. d4 0-0 7. Nc3 Ne4 8. Bd2 d6 9. Qc2 Nxd2 10. Qxd2 Nd7 11. Rad1 Bf6 12. Qc2 g6 13. h4 Bg7 14. e4 Qe7 15. Rfe1 c5 16. d5 e5 17. Bh3 h6 18. h5 g5 19. Nh2 Nf6 20. Qe2 Bc8 21. Bxc8 Rfxc8 22. Nf1 Qd7 23. Ne3 a6 24. a4 Ne8 25. Rb1 Rab8 26. b4 cxb4 27. Rxb4 Qc7 28. Reb1 Qc5 29. Qb2 Qd4 30. Nf5 Qd3 31. Ne7+ Kf8 32. Nxc8 Rxc8 33. Rc1 Rxc4 34. Rxc4 Qxc4 35. Qxb6 1-0

[Event "GER-chT Universities"]
[Site "Augsburg"]
[Date "2010.10.06"]
[Round "1.2"]
[White "Wolffgang, Georg"]
[Black "Boehlig, Heinz"]
[Result "1/2-1/2"]
[WhiteElo "1793"]
[BlackElo "2174"]
[PlyCount "45"]
[EventDate "2010.10.06"]
[EventType "team-swiss"]
[EventRounds "6"]
[EventCountry "GER"]
[SourceTitle "EXT 2016"]
[Source "ChessBase"]
[SourceDate "2015.10.08"]
[SourceVersion "1"]
[SourceVersionDate "2015.10.08"]
[SourceQuality "1"]
[WhiteTeam "Muenster Uni II"]
[BlackTeam "Leipzig Uni"]
[WhiteTeamCountry "GER"]
[BlackTeamCountry "GER"]

1. f4 Nf6 2. Nf3 g6 3. g3 Bg7 4. Bg2 d5 5. 0-0 c5 6. d3 Nc6 7. c3 0-0 8. Na3 b6 9. Qa4 Bd7 10. Qc2 Rc8 11. e4 dxe4 12. dxe4 e5 13. f5 Qe7 14. Nh4 Be8 15. Bh3 Rd8 16. g4 Nxg4 17. Nxg6 fxg6 18. Bxg4 Qh4 19. Qg2 Bh6 20. Nc4 Bxc1 21. Raxc1 Kh8 22. Rf3 gxf5 23. Bxf5 1/2-1/2

[Event "EU-chT Seniors 12th"]
[Site "Dresden"]
[Date "2010.02.15"]
[Round "6"]
[White "Stepak, Yedael"]
[Black "Boehlig, Heinz"]
[Result "1/2-1/2"]
[WhiteElo "2238"]
[BlackElo "2242"]
[PlyCount "44"]
[EventDate "2010.02.10"]
[EventType "team-swiss"]
[EventRounds "9"]
[EventCountry "GER"]
[SourceTitle "CBM 134 Extra"]
[Source "ChessBase"]
[SourceDate "2010.03.03"]
[SourceVersion "1"]
[SourceVersionDate "2010.03.03"]
[SourceQuality "1"]
[WhiteTeam "Israel (Seniors)"]
[BlackTeam "Leipzig (Seniors)"]
[WhiteTeamCountry "ISR"]
[BlackTeamCountry "GER"]

1. d4 Nf6 2. c4 e6 3. Nf3 b6 4. a3 Bb7 5. Nc3 d5 6. cxd5 exd5 7. Bf4 Bd6 8. Bxd6 Qxd6 9. e3 0-0 10. Rc1 a6 11. Bd3 Nbd7 12. 0-0 Rfe8 13. Qe2 c5 14. Rfd1 c4 15. Bb1 b5 16. Nd2 Re7 17. Nf1 Bc6 18. Ng3 g6 19. Qf3 Rae8 20. h4 b4 21. Re1 Ba4 22. h5 Ne4 1/2-1/2

[Event "EU-chT Seniors 12th"]
[Site "Dresden"]
[Date "2010.02.12"]
[Round "3"]
[White "Boehlig, Heinz"]
[Black "Bhend, Edwin"]
[Result "1/2-1/2"]
[WhiteElo "2242"]
[BlackElo "2208"]
[PlyCount "48"]
[EventDate "2010.02.10"]
[EventType "team-swiss"]
[EventRounds "9"]
[EventCountry "GER"]
[SourceTitle "CBM 134 Extra"]
[Source "ChessBase"]
[SourceDate "2010.03.03"]
[SourceVersion "1"]
[SourceVersionDate "2010.03.03"]
[SourceQuality "1"]
[WhiteTeam "Leipzig (Seniors)"]
[BlackTeam "Switzerland (Seniors)"]
[WhiteTeamCountry "GER"]
[BlackTeamCountry "SUI"]

1. Nf3 d5 2. c4 d4 3. g3 c5 4. Bg2 Nc6 5. 0-0 e5 6. d3 Nf6 7. a3 a5 8. Bg5 Be7 9. Nbd2 h6 10. Bxf6 Bxf6 11. Ne1 0-0 12. Nc2 Be7 13. b3 Kh8 14. Rb1 f5 15. Nf3 Be6 16. e3 Qd7 17. exd4 exd4 18. Re1 Bf7 19. Ne5 Nxe5 20. Rxe5 Bd6 21. Re1 Rae8 22. Qf3 b6 23. Qc6 Qd8 24. f4 Bh5 1/2-1/2

[Event "EU-chT Seniors 11th"]
[Site "Velden"]
[Date "2009.04.07"]
[Round "3"]
[White "Stull, Norbert"]
[Black "Boehlig, Heinz"]
[Result "1/2-1/2"]
[WhiteElo "2164"]
[BlackElo "2261"]
[PlyCount "55"]
[EventDate "2009.04.05"]
[EventType "team-swiss"]
[EventRounds "9"]
[EventCountry "AUT"]
[SourceTitle "CBM 129 Extra"]
[Source "ChessBase"]
[SourceDate "2009.05.05"]
[SourceVersion "2"]
[SourceVersionDate "2009.05.20"]
[SourceQuality "1"]

1. d4 Nf6 2. c4 e6 3. Nf3 b6 4. a3 Be7 5. d5 0-0 6. Nc3 Re8 7. g3 Ba6 8. Nd2 exd5 9. cxd5 c5 10. Bg2 d6 11. 0-0 Bf8 12. b4 Nbd7 13. Bb2 g6 14. b5 Bb7 15. Nc4 Qe7 16. Qc2 Bg7 17. e4 Ne5 18. Nxe5 dxe5 19. Nd1 Rf8 20. Ne3 Ne8 21. Nc4 Nd6 22. Nxd6 Qxd6 23. f4 a6 24. a4 axb5 25. axb5 Rxa1 26. Bxa1 Rc8 27. Qc4 Rc7 28. Bc3 1/2-1/2

[Event "EU-chT Seniors 10th"]
[Site "Dresden"]
[Date "2008.02.13"]
[Round "3.3"]
[White "Kowalska, Elzbieta"]
[Black "Boehlig, Heinz"]
[Result "0-1"]
[WhiteElo "1957"]
[BlackElo "2256"]
[PlyCount "66"]
[EventDate "2008.02.11"]
[EventType "team-swiss"]
[EventRounds "9"]
[EventCountry "GER"]
[SourceTitle "CBM 122 Extra"]
[Source "ChessBase"]
[SourceDate "2008.03.04"]
[SourceVersion "1"]
[SourceVersionDate "2008.03.04"]
[SourceQuality "1"]
[WhiteTeam "Mazowsze"]
[BlackTeam "Leipzig"]
[WhiteTeamCountry "POL"]
[BlackTeamCountry "GER"]

1. e4 c5 2. Nf3 e6 3. d4 cxd4 4. Nxd4 a6 5. Bd3 Qc7 6. c4 Nf6 7. Nc3 Nc6 8. Nxc6 dxc6 9. 0-0 e5 10. h3 Be6 11. Be3 Rd8 12. Qe2 Nd7 13. Rfd1 Be7 14. a3 Nc5 15. Bc2 Rxd1+ 16. Rxd1 b5 17. cxb5 axb5 18. f3 0-0 19. Qf2 Nb7 20. b4 Ra8 21. Nb1 Nd6 22. Bd3 Bc4 23. Bc5 Bxd3 24. Rxd3 Nc4 25. h4 Rd8 26. Rxd8+ Qxd8 27. Bxe7 Qxe7 28. Kf1 Qd8 29. Ke2 Nb2 30. Qe1 Qd3+ 31. Kf2 Nd1+ 32. Kg3 Qxb1 33. Qd2 h6 0-1

[Event "EU-chT Seniors 10th"]
[Site "Dresden"]
[Date "2008.02.11"]
[Round "1.3"]
[White "Schirmer, Werner"]
[Black "Boehlig, Heinz"]
[Result "0-1"]
[WhiteElo "2012"]
[BlackElo "2256"]
[PlyCount "84"]
[EventDate "2008.02.11"]
[EventType "team-swiss"]
[EventRounds "9"]
[EventCountry "GER"]
[SourceTitle "CBM 122 Extra"]
[Source "ChessBase"]
[SourceDate "2008.03.04"]
[SourceVersion "1"]
[SourceVersionDate "2008.03.04"]
[SourceQuality "1"]
[WhiteTeam "Hamburger SK"]
[BlackTeam "Leipzig"]
[WhiteTeamCountry "GER"]
[BlackTeamCountry "GER"]

1. e4 c5 2. Nf3 e6 3. d4 cxd4 4. Nxd4 a6 5. c4 Nf6 6. Nc3 Qc7 7. Be2 Bb4 8. Qd3 Nc6 9. Nxc6 dxc6 10. 0-0 0-0 11. Bg5 Bxc3 12. bxc3 Qe5 13. Bxf6 Qxf6 14. Rfd1 e5 15. Rab1 b5 16. Qd6 Be6 17. Qxc6 bxc4 18. Rb6 a5 19. Qb5 Rfd8 20. Rbd6 Rxd6 21. Rxd6 Qf4 22. Qxa5 Rf8 23. Rd8 Qc1+ 24. Bd1 g6 25. Rd6 Qf4 26. f3 Rb8 27. Kf1 Qxh2 28. Rd8+ Rxd8 29. Qxd8+ Kg7 30. a4 h5 31. Qb6 h4 32. Qf2 Qf4 33. a5 Qc1 34. Qc2 Qa1 35. Qa4 Qxc3 36. a6 h3 37. gxh3 Bxh3+ 38. Kf2 Qd4+ 39. Ke1 Bd7 40. Qb4 Qe3+ 41. Be2 c3 42. a7 c2 0-1

[Event "EU-chT Seniors 09th"]
[Site "Dresden"]
[Date "2007.02.23"]
[Round "8"]
[White "Boehlig, Heinz"]
[Black "Kahn, Peter"]
[Result "1/2-1/2"]
[WhiteElo "2261"]
[BlackElo "2146"]
[PlyCount "31"]
[EventDate "2007.02.16"]
[EventType "team-swiss"]
[EventRounds "9"]
[EventCountry "GER"]
[SourceTitle "CBM 117 Extra"]
[Source "ChessBase"]
[SourceDate "2007.05.09"]
[SourceVersion "1"]
[SourceVersionDate "2007.05.09"]
[SourceQuality "1"]

1. d4 d5 2. Nf3 Nf6 3. c4 c6 4. Nc3 Bf5 5. e3 e6 6. Be2 Nbd7 7. 0-0 h6 8. Qb3 Qb6 9. Qxb6 axb6 10. b3 Bd6 11. Bb2 0-0 12. Nd2 Bg6 13. Rfd1 Bc2 14. Rdc1 Bg6 15. Rd1 Bc2 16. Rdc1 1/2-1/2

[Event "EU-chT Seniors 09th"]
[Site "Dresden"]
[Date "2007.02.21"]
[Round "6"]
[White "Boehlig, Heinz"]
[Black "Peleikis, Horst"]
[Result "1-0"]
[WhiteElo "2261"]
[BlackElo "2101"]
[PlyCount "79"]
[EventDate "2007.02.16"]
[EventType "team-swiss"]
[EventRounds "9"]
[EventCountry "GER"]
[SourceTitle "CBM 117 Extra"]
[Source "ChessBase"]
[SourceDate "2007.05.09"]
[SourceVersion "1"]
[SourceVersionDate "2007.05.09"]
[SourceQuality "1"]

1. d4 Nf6 2. Nf3 g6 3. g3 Bg7 4. Bg2 d6 5. 0-0 0-0 6. c4 Nbd7 7. Nc3 c5 8. h3 Rb8 9. e4 cxd4 10. Nxd4 Ne5 11. b3 Bd7 12. Be3 Qc8 13. Kh2 Re8 14. Rc1 b6 15. Qd2 Nc6 16. f4 Nxd4 17. Bxd4 Bc6 18. Nd5 Qb7 19. Rce1 Rbd8 20. Rf2 Bxd5 21. cxd5 Qd7 22. Qb2 Rf8 23. Rc1 Rc8 24. Rfc2 Rxc2 25. Rxc2 Rc8 26. Rxc8+ Qxc8 27. e5 Ne8 28. Qd2 Qc7 29. Qb2 Qc8 30. Bf1 dxe5 31. fxe5 Bh6 32. Bb5 Ng7 33. d6 exd6 34. exd6 Ne6 35. d7 Qc7 36. Be5 Qc5 37. Bc4 Bg5 38. Bf6 Bxf6 39. Qxf6 Qd4 40. Qxd4 1-0

[Event "EU-chT Seniors 09th"]
[Site "Dresden"]
[Date "2007.02.18"]
[Round "3"]
[White "Arkhangelsky, Boris Nikolaevich"]
[Black "Boehlig, Heinz"]
[Result "1/2-1/2"]
[WhiteElo "2356"]
[BlackElo "2261"]
[PlyCount "42"]
[EventDate "2007.02.16"]
[EventType "team-swiss"]
[EventRounds "9"]
[EventCountry "GER"]
[SourceTitle "CBM 117 Extra"]
[Source "ChessBase"]
[SourceDate "2007.05.09"]
[SourceVersion "1"]
[SourceVersionDate "2007.05.09"]
[SourceQuality "1"]

1. d4 Nf6 2. c4 e6 3. Nf3 b6 4. a3 Bb7 5. Nc3 d5 6. cxd5 exd5 7. Qa4+ c6 8. Bg5 Be7 9. e3 0-0 10. Bd3 Nbd7 11. Rd1 Ne4 12. Bxe7 Qxe7 13. 0-0 Rfe8 14. Nd2 Ndf6 15. Qc2 Rac8 16. Rfe1 c5 17. Ndxe4 dxe4 18. Bb5 Red8 19. dxc5 Qxc5 20. Qa4 a5 21. h3 h6 1/2-1/2

[Event "EU-chT Seniors 09th"]
[Site "Dresden"]
[Date "2007.02.17"]
[Round "2"]
[White "Boehlig, Heinz"]
[Black "Akvist, Hakan"]
[Result "1-0"]
[WhiteElo "2261"]
[BlackElo "2202"]
[PlyCount "83"]
[EventDate "2007.02.16"]
[EventType "team-swiss"]
[EventRounds "9"]
[EventCountry "GER"]
[SourceTitle "CBM 117 Extra"]
[Source "ChessBase"]
[SourceDate "2007.05.09"]
[SourceVersion "1"]
[SourceVersionDate "2007.05.09"]
[SourceQuality "1"]

1. d4 Nf6 2. c4 e6 3. Nf3 Bb4+ 4. Bd2 a5 5. g3 0-0 6. Bg2 d6 7. 0-0 Bxd2 8. Qxd2 Qe7 9. Nc3 Nbd7 10. e4 e5 11. Rfe1 Re8 12. Rad1 Nb6 13. Nd5 Nbxd5 14. cxd5 Bg4 15. dxe5 dxe5 16. Rc1 Red8 17. Qc3 Bxf3 18. Bxf3 Ne8 19. Re2 f6 20. Rec2 Qb4 21. a3 Qxc3 22. Rxc3 Ra6 23. Rb3 Ra7 24. Be2 Kf8 25. Kg2 Rd6 26. Bg4 Ke7 27. f4 b6 28. Rbc3 Rd8 29. Kf3 Rb8 30. Rc6 b5 31. Be6 a4 32. Bg8 h6 33. Bh7 b4 34. Bg6 bxa3 35. bxa3 Rb3+ 36. Kg4 Nd6 37. Rxc7+ Rxc7 38. Rxc7+ Kd8 39. Rc6 Nb5 40. Bf5 Rxa3 41. d6 Rc3 42. Ra6 1-0

[Event "EU-chT Seniors 08th"]
[Site "Dresden"]
[Date "2006.02.19"]
[Round "3"]
[White "Hecht, Hans Joachim"]
[Black "Boehlig, Heinz"]
[Result "1/2-1/2"]
[WhiteElo "2397"]
[BlackElo "2238"]
[PlyCount "57"]
[EventDate "2006.02.17"]
[EventType "team-swiss"]
[EventRounds "8"]
[EventCountry "GER"]
[SourceTitle "CBM 111 Extra"]
[Source "ChessBase"]
[SourceDate "2006.05.09"]
[SourceVersion "1"]
[SourceVersionDate "2006.05.09"]
[SourceQuality "1"]
[WhiteTeam "Germany"]
[BlackTeam "Leipzig Seniors"]
[WhiteTeamCountry "GER"]
[BlackTeamCountry "GER"]

1. d4 Nf6 2. c4 e6 3. g3 c5 4. d5 exd5 5. cxd5 d6 6. Nc3 g6 7. Bg2 Bg7 8. Nf3 0-0 9. 0-0 a6 10. a4 Re8 11. Nd2 Nbd7 12. h3 Nh5 13. Nde4 Ndf6 14. g4 Nxe4 15. Nxe4 Nf6 16. Nd2 Nd7 17. Re1 Rb8 18. a5 b5 19. axb6 Nxb6 20. Ne4 Nc4 21. Qc2 Rb4 22. Ra2 f5 23. Bg5 Qb6 24. Nf6+ Bxf6 25. Bxf6 fxg4 26. hxg4 Ne5 27. f3 c4+ 28. Kf1 Qc5 29. Bxe5 1/2-1/2

[Event "EU-chT Seniors 08th"]
[Site "Dresden"]
[Date "2006.02.18"]
[Round "2"]
[White "Boehlig, Heinz"]
[Black "Just, Joachim"]
[Result "1-0"]
[WhiteElo "2238"]
[BlackElo "2146"]
[PlyCount "91"]
[EventDate "2006.02.17"]
[EventType "team-swiss"]
[EventRounds "8"]
[EventCountry "GER"]
[SourceTitle "CBM 111 Extra"]
[Source "ChessBase"]
[SourceDate "2006.05.09"]
[SourceVersion "1"]
[SourceVersionDate "2006.05.09"]
[SourceQuality "1"]
[WhiteTeam "Leipzig Seniors"]
[BlackTeam "Sachsen Anhalt"]
[WhiteTeamCountry "GER"]
[BlackTeamCountry "GER"]

1. Nf3 Nf6 2. c4 c5 3. Nc3 Nc6 4. d4 cxd4 5. Nxd4 g6 6. g3 Bg7 7. Bg2 0-0 8. 0-0 a6 9. c5 Nxd4 10. Qxd4 Ne8 11. Qe3 Nc7 12. Rd1 Qe8 13. Na4 d5 14. Nb6 d4 15. Rxd4 Bxd4 16. Qxd4 Ne6 17. Qc3 Rb8 18. Bh6 f6 19. Bxf8 Nxf8 20. Rd1 Be6 21. Bd5 Bxd5 22. Rxd5 Kg7 23. b4 Rd8 24. Qd2 Rxd5 25. Qxd5 Qb5 26. Qe4 Kf7 27. a4 Qc6 28. Qc4+ Qe6 29. f4 Qxc4 30. Nxc4 Ne6 31. Na5 Nd8 32. Kf2 Ke6 33. e4 Kd7 34. Ke3 e5 35. fxe5 fxe5 36. Kd3 g5 37. Kc4 Ke6 38. b5 h5 39. b6 Kd7 40. Kd5 h4 41. Kxe5 hxg3 42. hxg3 g4 43. Kd5 Ne6 44. Nxb7 Nf4+ 45. gxf4 g3 46. c6+ 1-0

[Event "Oberliga Ost-A 0405"]
[Site "Germany"]
[Date "2005.04.10"]
[Round "11.5"]
[White "Boehlig, Heinz"]
[Black "Eichner, Sebastian"]
[Result "1/2-1/2"]
[WhiteElo "2256"]
[BlackElo "2319"]
[PlyCount "22"]
[EventDate "2004.10.10"]
[EventType "team-tourn"]
[EventRounds "11"]
[EventCountry "GER"]
[SourceTitle "EXT 2006"]
[Source "ChessBase"]
[SourceDate "2005.11.24"]
[SourceVersion "1"]
[SourceVersionDate "2005.11.24"]
[SourceQuality "1"]
[WhiteTeam "Leipzig Lok II"]
[BlackTeam "Dresden SC 1898"]
[WhiteTeamCountry "GER"]
[BlackTeamCountry "GER"]

1. Nf3 Nf6 2. c4 e6 3. d4 b6 4. g3 Bb7 5. Bg2 Be7 6. 0-0 0-0 7. Nc3 Ne4 8. Qc2 Nxc3 9. Qxc3 Be4 10. b3 c5 11. Bb2 Bf6 1/2-1/2

[Event "Oberliga Ost-A 0405"]
[Site "Germany"]
[Date "2005.03.13"]
[Round "9.5"]
[White "Boehlig, Heinz"]
[Black "Teichgraeber, Michael"]
[Result "0-1"]
[WhiteElo "2256"]
[BlackElo "2113"]
[PlyCount "88"]
[EventDate "2004.10.10"]
[EventType "team-tourn"]
[EventRounds "11"]
[EventCountry "GER"]
[SourceTitle "EXT 2006"]
[Source "ChessBase"]
[SourceDate "2005.11.24"]
[SourceVersion "1"]
[SourceVersionDate "2005.11.24"]
[SourceQuality "1"]
[WhiteTeam "Leipzig Lok II"]
[BlackTeam "Coswig"]
[WhiteTeamCountry "GER"]
[BlackTeamCountry "GER"]

1. Nf3 Nf6 2. c4 c5 3. Nc3 Nc6 4. d4 cxd4 5. Nxd4 g6 6. g3 Bg7 7. Bg2 0-0 8. 0-0 Nxd4 9. Qxd4 d6 10. Qd2 a6 11. Rd1 Qc7 12. b3 Bd7 13. Bb2 Bc6 14. Nd5 Bxd5 15. cxd5 Qd7 16. Rac1 Rac8 17. e4 Nh5 18. Rxc8 Rxc8 19. Bxg7 Kxg7 20. Rc1 Nf6 21. Rc3 h6 22. Qc1 Rxc3 23. Qxc3 Kh7 24. f4 Qd8 25. Bf3 h5 26. Kg2 Qb6 27. h3 Qb5 28. Qe3 Qa5 29. a4 Qb4 30. e5 Ne8 31. g4 hxg4 32. hxg4 dxe5 33. fxe5 Kg7 34. Be4 b5 35. axb5 axb5 36. g5 Qa5 37. Qd4 Qa2+ 38. Kg1 Qxb3 39. e6+ f6 40. Qa7 Qg3+ 41. Bg2 Qd6 42. gxf6+ Nxf6 43. Qd4 b4 44. Qc4 Qb6+ 0-1

[Event "EU-chT Seniors 07th"]
[Site "Dresden"]
[Date "2005.02.24"]
[Round "7"]
[White "Klundt, Klaus"]
[Black "Boehlig, Heinz"]
[Result "1/2-1/2"]
[WhiteElo "2385"]
[BlackElo "2256"]
[PlyCount "37"]
[EventDate "2005.02.18"]
[EventType "team-swiss"]
[EventRounds "8"]
[EventCountry "GER"]
[SourceTitle "EXT 2006"]
[Source "ChessBase"]
[SourceDate "2005.11.24"]
[SourceVersion "1"]
[SourceVersionDate "2005.11.24"]
[SourceQuality "1"]

1. e4 c5 2. Nf3 e6 3. d4 cxd4 4. Nxd4 a6 5. Bd3 Qc7 6. 0-0 Nf6 7. Nc3 Nc6 8. Nxc6 dxc6 9. Qe2 e5 10. Bg5 Be7 11. Nd1 0-0 12. Ne3 Re8 13. Rfd1 Be6 14. Bxf6 Bxf6 15. Bc4 Bg5 16. Bxe6 Rxe6 17. Rd3 Bxe3 18. Qxe3 Rd8 19. Rad1 1/2-1/2

[Event "EU-chT Seniors 07th"]
[Site "Dresden"]
[Date "2005.02.21"]
[Round "4"]
[White "Boehlig, Heinz"]
[Black "Weinwurm, Wolfgang"]
[Result "0-1"]
[WhiteElo "2256"]
[BlackElo "2126"]
[PlyCount "102"]
[EventDate "2005.02.18"]
[EventType "team-swiss"]
[EventRounds "8"]
[EventCountry "GER"]
[SourceTitle "EXT 2006"]
[Source "ChessBase"]
[SourceDate "2005.11.24"]
[SourceVersion "1"]
[SourceVersionDate "2005.11.24"]
[SourceQuality "1"]

1. Nf3 Nf6 2. c4 g6 3. Nc3 Bg7 4. g3 0-0 5. Bg2 d6 6. d4 Nc6 7. 0-0 a6 8. h3 Rb8 9. e4 Nd7 10. Be3 Na5 11. b3 b5 12. cxb5 axb5 13. Rc1 b4 14. Na4 Ba6 15. Re1 c6 16. Qd2 Re8 17. Bh6 e5 18. Bxg7 Kxg7 19. Red1 Nf6 20. dxe5 dxe5 21. Qb2 Qe7 22. Nc5 Bc8 23. Qc2 Rb6 24. Bf1 Qc7 25. Qd3 Re7 26. Qe3 Nd7 27. Nxd7 Rxd7 28. Rxd7 Bxd7 29. Nxe5 Be6 30. Qd4 f6 31. Ng4 Bxg4 32. hxg4 h6 33. Rd1 Rb7 34. Rc1 Qe7 35. Rc5 Rd7 36. Qe3 Nb7 37. Rxc6 Nd6 38. Bd3 Qe5 39. Rc5 Qa1+ 40. Kg2 Nf7 41. Bc4 Ne5 42. Bd5 Nxg4 43. Qd2 h5 44. Rc1 Qe5 45. Rc4 h4 46. Qf4 h3+ 47. Kxh3 Qh5+ 48. Kg2 Qh2+ 49. Kf1 Ne5 50. Rc8 Qh3+ 51. Ke2 Rxd5 0-1

[Event "EU-chT Seniors 07th"]
[Site "Dresden"]
[Date "2005.02.19"]
[Round "2"]
[White "Boehlig, Heinz"]
[Black "Wheeler, John Francis"]
[Result "0-1"]
[WhiteElo "2256"]
[BlackElo "2220"]
[PlyCount "44"]
[EventDate "2005.02.18"]
[EventType "team-swiss"]
[EventRounds "8"]
[EventCountry "GER"]
[SourceTitle "EXT 2006"]
[Source "ChessBase"]
[SourceDate "2005.11.24"]
[SourceVersion "1"]
[SourceVersionDate "2005.11.24"]
[SourceQuality "1"]

1. Nf3 Nf6 2. c4 g6 3. g3 Bg7 4. Bg2 0-0 5. Nc3 d6 6. d4 Nc6 7. 0-0 a6 8. h3 Rb8 9. e4 b5 10. cxb5 axb5 11. e5 Nd7 12. Be3 b4 13. Nd5 dxe5 14. dxe5 Ba6 15. Re1 Ncxe5 16. Nxe5 Nxe5 17. Bc5 Re8 18. Nxb4 Qc8 19. Qc2 Bb7 20. Re3 Bxg2 21. Kxg2 Nd7 22. Rd1 Qb7+ 0-1

[Event "Oberliga Ost-A 0405"]
[Site "Germany"]
[Date "2005.01.16"]
[Round "7.4"]
[White "Boehlig, Heinz"]
[Black "Schuster, Martin"]
[Result "1/2-1/2"]
[WhiteElo "2256"]
[BlackElo "2177"]
[PlyCount "48"]
[EventDate "2004.10.10"]
[EventType "team-tourn"]
[EventRounds "11"]
[EventCountry "GER"]
[SourceTitle "EXT 2006"]
[Source "ChessBase"]
[SourceDate "2005.11.24"]
[SourceVersion "1"]
[SourceVersionDate "2005.11.24"]
[SourceQuality "1"]
[WhiteTeam "Leipzig Lok II"]
[BlackTeam "Loeberitz"]
[WhiteTeamCountry "GER"]
[BlackTeamCountry "GER"]

1. Nf3 d5 2. d4 Nf6 3. c4 e6 4. g3 Be7 5. Bg2 0-0 6. 0-0 dxc4 7. Qc2 a6 8. Qxc4 b5 9. Qc2 Bb7 10. Bf4 Nc6 11. Rd1 Nb4 12. Qc1 Rc8 13. Nc3 Nfd5 14. Nxd5 Bxd5 15. Ne5 c5 16. dxc5 Rxc5 17. Qd2 Bxg2 18. Qxd8 Rxd8 19. Rxd8+ Bxd8 20. Kxg2 Nd5 21. Nd3 Rc2 22. Kf3 Bf6 23. Rc1 Rxc1 24. Bxc1 Be7 1/2-1/2

[Event "EU-chT Seniors 06th"]
[Site "Dresden"]
[Date "2004.02.28"]
[Round "7.3"]
[White "Boehlig, Heinz"]
[Black "Kristiansen, Erling"]
[Result "1/2-1/2"]
[WhiteElo "2253"]
[BlackElo "2278"]
[PlyCount "30"]
[EventDate "2004.02.22"]
[EventType "team-swiss"]
[EventRounds "7"]
[EventCountry "GER"]
[SourceTitle "CBM 099 Extra"]
[Source "ChessBase"]
[SourceDate "2004.05.04"]
[SourceVersion "1"]
[SourceVersionDate "2004.05.04"]
[SourceQuality "1"]
[WhiteTeam "Leipzig SG"]
[BlackTeam "Norway"]
[WhiteTeamCountry "GER"]
[BlackTeamCountry "NOR"]

1. d4 Nf6 2. Nf3 b6 3. g3 Bb7 4. Bg2 c5 5. 0-0 cxd4 6. Nxd4 Bxg2 7. Kxg2 Nc6 8. c4 Rc8 9. Nc3 g6 10. b3 Bg7 11. Bb2 0-0 12. Qd2 Qc7 13. f3 Rfd8 14. Rfd1 Qb7 15. Rac1 a6 1/2-1/2